000 00579nam a22001817a 4500
005 20260427115806.0
010 _aENG-148244
020 _a9789393796233
_c345.00
035 _aEN-131776
037 _bDBAD
082 _a351
_21
100 _aSwarup, Anil
_988988
245 _aEthical Dilemmas of a Civil Servant/
_cAnil Swarup
260 _aNew Delhi
_bUnique Publishers
_c2024
270 _aJ-2/1, Block B-1, Mohan Cooperative Industrial Estate, Mathura Road
_bNew Delhi
_e110044
_k011-41076666
300 _a268p.
_c22cm(pb)
942 _2ddc
_cEN
_h351
_mSWA
999 _c215976
_d215976